| 000 | 00859nam a22002297a 4500 | ||
|---|---|---|---|
| 005 | 20160913115045.0 | ||
| 008 | 160913b2014 nyua||||r|||| 00| 0 spa d | ||
| 020 | _a9781892456591 | ||
| 040 |
_aCO-BoIAVH _cCO-BoIAVH |
||
| 041 | 1 |
_aspa _heng |
|
| 044 | _axxu | ||
| 090 |
_aFG- _b0058 |
||
| 100 | 1 |
_aJames, Clive _eautor |
|
| 245 | 1 | 0 |
_aSituación mundial de los cultivos biotecnológicos / GM comercializados : _b2014 / _cClive James |
| 260 |
_aIthaca, NY, Estados Unidos : _bISAAA, _c2014. |
||
| 300 |
_aiv, 24 páginas : _bilustraciones, mapas y gráficas ; _c28 x 22 cm. |
||
| 500 | _aISAAA: Resumen ejecutivo. Informe 49. | ||
| 650 | 2 | 6 |
_aBiotecnología vegetal _xCultivos _vInformes |
| 650 | 2 | 6 |
_aBiotecnología vegetal _xestado _vInformes |
| 650 | 2 | 6 |
_aCultivos biotecnológicos _xsiembra _vInformes |
| 942 |
_2z _cFolleto |
||
| 999 |
_c19019 _d19019 |
||